000
00340ntaaa2200157 4500
003
01
005
20251027201638.0
008
0714s1973 ag 01
040
_a
AR-BaBN
_b
spa
_c
AR-BaBN
_e
aacr
_d
RIC
082
_a
232.0000 S
100
_a
Smith, Zona
_9
15160
245
_a
La vida de Cristo
250
_a
1 ed.
260
_a
s.l.
942
_c
BK
999
_c
11142
_d
11142